Most Common Given Names in the World - Statistics

General Stats
  • This quiz has been taken 114 times
  • The average score is 8 of 30
Answer Stats
Hint Answer % Correct
Boy Muhammad
87%
Boy John
78%
Girl Maria
72%
Boy Li
53%
Boy Michael
40%
Girl Ana
39%
Boy Jose
39%
Boy Alexander
38%
Boy Peter
38%
Boy Ali
35%
Boy David
35%
Boy Paul
33%
Boy Carlos
28%
Boy Daniel
27%
Boy Robert
20%
Boy Ibrahim
16%
Boy Richard
16%
Girl Fatima
15%
Boy Luis
15%
Boy Ahmed
13%
Boy Francisco
13%
Boy Abdul
10%
Boy Ram
4%
Girl Elena
3%
Neutral Hui
3%
Girl Sunita
3%
Boy Yan
3%
Neutral Xin
2%
Girl Hong
1%
Girl Nushi
1%
No matching quizzes found
Score Distribution
Percent of People with Each Score
Percentile by Number Answered
Your Score History
You have not taken this quiz